|
|
|
|
| LEADER |
01983cam a2200553 i 4500 |
| 001 |
nkc20193074257 |
| 003 |
CZ PrNK |
| 005 |
20190605105913.0 |
| 007 |
ta |
| 008 |
190129s2018 xr a a f 000 0 cze d |
| 015 |
|
|
|a cnb003074257
|
| 020 |
|
|
|a 978-80-256-2377-0
|q (vázáno)
|
| 035 |
|
|
|a (OCoLC)1104144105
|
| 040 |
|
|
|a ULG001
|b cze
|d BOA001
|e rda
|
| 041 |
1 |
|
|a cze
|h eng
|
| 072 |
|
7 |
|a 56
|x Paleontologie
|2 Konspekt
|9 7
|
| 072 |
|
7 |
|a 0/9-053.2
|x Literatura pro děti a mládež (naučná)
|2 Konspekt
|9 26
|
| 080 |
|
|
|a 598.192
|2 MRF
|
| 080 |
|
|
|a (0.062)
|2 MRF
|
| 080 |
|
|
|a (084.11)
|2 MRF
|
| 080 |
|
|
|a (0.053.2)
|2 MRF
|
| 100 |
1 |
|
|a Abeille, Giovanni
|7 kv20191020856
|4 ill
|
| 240 |
1 |
0 |
|a 60 amazing and curious facts about dinosaurs.
|l Česky
|
| 245 |
1 |
0 |
|a Dinosauři :
|b 60 úžasně zajímavých skutečností /
|c ilustrace: Giovanni Abeille
|
| 250 |
|
|
|a První české vydání
|
| 264 |
|
1 |
|a Praha :
|b Svojtka & Co., s.r.o.,
|c 2018
|
| 300 |
|
|
|a 13 stran :
|b barevné ilustrace ;
|c 28 cm
|
| 336 |
|
|
|a text
|b txt
|2 rdacontent
|
| 336 |
|
|
|a statický obraz
|b sti
|2 rdacontent
|
| 337 |
|
|
|a bez média
|b n
|2 rdamedia
|
| 338 |
|
|
|a svazek
|b nc
|2 rdacarrier
|
| 500 |
|
|
|a Z angličtiny přeložil Tomáš Pokorný
|
| 500 |
|
|
|a Kartonové listy s odklápěcími okénky
|
| 521 |
8 |
|
|a Pro děti od 3 let
|
| 650 |
0 |
7 |
|a dinosauři
|7 ph114326
|2 czenas
|
| 650 |
0 |
9 |
|a dinosaurs
|2 eczenas
|
| 655 |
|
7 |
|a populárně-naučné publikace
|7 fd131864
|2 czenas
|
| 655 |
|
7 |
|a obrazové publikace
|7 fd132947
|2 czenas
|
| 655 |
|
7 |
|a publikace pro děti
|7 fd133156
|2 czenas
|
| 655 |
|
9 |
|a popular works
|2 eczenas
|
| 655 |
|
9 |
|a pictorial works
|2 eczenas
|
| 655 |
|
9 |
|a children's literature
|2 eczenas
|
| 700 |
1 |
|
|a Pokorný, Tomáš,
|d 1976-
|7 xx0212835
|4 trl
|
| 910 |
2 |
|
|a BOA001
|b 3-1426.141
|
| 920 |
|
|
|a KN3148000001472245
|z ULG001
|
| 990 |
|
|
|a BK
|
| 995 |
|
|
|a 01
|
| 991 |
|
|
|b 201904
|c NOV
|
| 996 |
6 |
|
|b 2610778407
|c 3-1426.141
|l MZK
|r Sklad / do 1 hodiny
|n 1
|p p.v.
|w 001717450
|u 000010
|a 1
|e BOA001
|j MZK50
|s P
|